000 00417ntaaa2200169 4500
003 01
005 20251027201605.0
008 0714s1973 ag 01
040 _aAR-BaBN
_bspa
_cAR-BaBN
_eaacr
_dRIC
082 _a230.0000 R92
100 _aRust, E. C.
_98252
245 _aNature and Man in Biblical Thought
250 _a1 ed. :
_bLutterworth Press,
_cc1953
300 _a318 p.
650 _aTeologĂ­a
942 _cBK
999 _c10484
_d10484